000
00327nam a2200133Ia 4500
005
20260328104338.0
008
260328s9999||||xx |||||||||||||| ||und||
100
_a
Wiedemann, Julius
245
4
_a
The Package Design Book /
_c
Julius Wiedemann
260
_b
Taschen
300
_a
665 p.
650
_a
DISEÑADORES
942
_c
BK
999
_c
11988
_d
11988